[Event "O pohár města Říčany 2017"]
[Site "Kulturni centrum Labut, 17. Listopadu 214 25101 Ricany"]
[Date "2017.08.26"]
[Round "1.1"]
[White "Pulpan, Jakub"]
[Black "Koper, Stefan"]
[Result "1-0"]
[WhiteElo "2390"]
[BlackElo "1932"]
[PlyCount "0"]
[EventDate "2017.08.26"]

1. e4 g6 2. d4 Bg7 3. Nf3 d5 4. exd5 Qxd5 5. Nc3 Qd8 6. Bc4 Nf6 7. O-O O-O 8.
Re1 a6 9. a4 Bg4 10. Be3 Nc6 11. d5 Ne5 12. Be2 Nxf3+ 13. Bxf3 Bxf3 14. Qxf3
Qd7 15. Rad1 Rfe8 16. Bc5 b6 17. Bxe7 Ng4 18. Bh4 Ne5 19. Qf4 Ng4 20. Bg3 Rxe1+
21. Rxe1 Re8 22. Rxe8+ Qxe8 23. Kf1 Bxc3 24. bxc3 f5 25. Qxc7 Qxa4 26. h3 Qb5+
27. Ke1 Nf6 28. Qc8+ Qe8+ 29. Qxe8+ Nxe8 30. Be5 Kf7 31. c4 Ke7 32. c5 bxc5 33.
c4 Kd7 34. f4 h6 35. h4 Kc8 36. Kd2 Kb7 37. Kc3 Kb6 38. Kb3 Kb7 39. Ka4 Kb6 40.
g3 h5 41. d6 Kc6 42. Ka5 Nxd6 43. Bxd6 Kxd6 44. Kxa6 1-0

[Event "O pohár města Říčany 2017"]
[Site "Kulturni centrum Labut, 17. Listopadu 214 25101 Ricany"]
[Date "2017.08.26"]
[Round "1.2"]
[White "Vojta, Jakub"]
[Black "Vojta, Tomas"]
[Result "0-1"]
[WhiteElo "1930"]
[BlackElo "2363"]
[PlyCount "0"]
[EventDate "2017.08.26"]

1. e4 c6 2. d4 g6 3. Be3 Bg7 4. Nc3 d6 5. Qd2 Nd7 6. Nge2 b5 7. g3 Nb6 8. b3
Nf6 9. f3 Qc7 10. Bh6 Bxh6 11. Qxh6 b4 12. Nd1 c5 13. d5 a5 14. Bg2 Ba6 15. Ne3
c4 16. Rc1 Qc5 17. Kf2 Rc8 18. Rhd1 Rg8 19. Bh3 Rc7 20. Nd4 g5 21. Bf5 a4
22. Ng4 Nxg4+ 23. Bxg4 cxb3 24. Qxh7 Rf8 25. cxb3 Qxc1 26. Rxc1 Rxc1 27. Qf5 Ra1
28. Qxg5 Rxa2+ 29. Ke3 axb3 30. Nc6 Nc4+ 31. Kf4 e5+ 32. Kf5 Bc8+ 33. Kf6 Bxg4
34. fxg4 Kd7 35. Qf5+ Kc7 36. Ke7 b2 37. Qd7+ Kb6 38. Kxf8 b1=Q 39. Nd4 Kc5
40. Nb5 Ra6 41. Nc7 Rb6 42. Qf5 Qd3 43. Qxf7 b3 44. Ne6+ Kb4 45. Qf2 b2 46. Qe1+
Nd2 0-1

[Event "O pohár města Říčany 2017"]
[Site "Kulturni centrum Labut, 17. Listopadu 214 25101 Ricany"]
[Date "2017.08.26"]
[Round "1.3"]
[White "Kulhanek, Tomas"]
[Black "Grecny, Karol"]
[Result "1-0"]
[WhiteElo "2324"]
[BlackElo "1926"]
[PlyCount "0"]
[EventDate "2017.08.26"]

1. e4 e6 2. d4 d5 3. Nd2 Bd7 4. Ngf3 c5 5. c3 Nc6 6. Bd3 cxd4 7. Nxd4 Nf6
8. Nxc6 Bxc6 9. e5 Nd7 10. Nf3 Be7 11. h4 Qc7 12. Bf4 O-O-O 13. b4 d4 14. Nxd4
Nxe5 15. O-O Rxd4 16. cxd4 Nf3+ 17. Qxf3 1-0

[Event "O pohár města Říčany 2017"]
[Site "Kulturni centrum Labut, 17. Listopadu 214 25101 Ricany"]
[Date "2017.08.26"]
[Round "1.4"]
[White "Pavlicek, Petr"]
[Black "Svatos, Jan"]
[Result "0-1"]
[WhiteElo "1923"]
[BlackElo "2310"]
[PlyCount "0"]
[EventDate "2017.08.26"]

1. c4 e5 2. Nc3 Nf6 3. Nf3 Nc6 4. g3 d5 5. cxd5 Nxd5 6. Bg2 Be6 7. O-O Be7
8. a3 O-O 9. d3 h6 10. Nxd5 Bxd5 11. b4 a5 12. e4 Be6 13. b5 Nd4 14. Rb1 Bg4
15. Bb2 Bc5 16. Bxd4 Bxd4 17. Qc2 Bxf3 18. Bxf3 Qd6 19. a4 Rad8 20. Kg2 Bb6
21. Rb3 Qf6 22. Rc3 Rd4 23. Rc4 Rfd8 24. Be2 h5 25. Rxd4 Rxd4 26. Bxh5 Qd6
27. Qb3 g6 28. Be2 Rb4 29. Qc2 Qd4 30. Bd1 Rb2 31. Qc1 Rxf2+ 32. Rxf2 Qxf2+
33. Kh3 Be3 34. Qc2 Qf1+ 35. Kh4 Kg7 36. Qe2 Bg5+ 37. Kxg5 Qh3 0-1

[Event "O pohár města Říčany 2017"]
[Site "Kulturni centrum Labut, 17. Listopadu 214 25101 Ricany"]
[Date "2017.08.26"]
[Round "1.5"]
[White "Novotny, Michal"]
[Black "Vlkova, Anezka"]
[Result "1-0"]
[WhiteElo "2257"]
[BlackElo "1914"]
[PlyCount "0"]
[EventDate "2017.08.26"]

1. d4 d5 2. Nf3 Nf6 3. e3 c5 4. Nbd2 Nc6 5. b3 cxd4 6. exd4 Bg4 7. h3 Bh5
8. Be2 Qa5 9. Bb2 e6 10. O-O Rc8 11. a3 Bd6 12. c4 O-O 13. b4 Qc7 14. c5 Bf4
15. Re1 a6 16. Bc3 Ne4 17. Nxe4 dxe4 18. Nd2 Bxe2 19. Qxe2 f5 20. Nc4 Rcd8
21. Rad1 Ne7 22. b5 Ra8 23. Ba5 Qb8 24. Nb6 Bc7 25. Qc4 Nd5 26. Nxd5 Bxa5
27. Nb6 Re8 28. Nxa8 axb5 29. Qxb5 Bxe1 30. Nb6 Bc3 31. Na4 Bxd4 32. Rxd4 Rd8
33. Rd7 Qc8 34. Nb6 Qb8 35. Rxd8+ Qxd8 36. Qd7 1-0

[Event "O pohár města Říčany 2017"]
[Site "Kulturni centrum Labut, 17. Listopadu 214 25101 Ricany"]
[Date "2017.08.26"]
[Round "1.6"]
[White "Nemcova, Kamila"]
[Black "Hollan, Martin"]
[Result "0-1"]
[WhiteElo "1908"]
[BlackElo "2233"]
[PlyCount "0"]
[EventDate "2017.08.26"]

1. e4 c5 2. Nf3 d6 3. d4 cxd4 4. Nxd4 Nf6 5. Nc3 a6 6. Be2 e5 7. Nb3 Be6 8. f4
Nbd7 9. f5 Bxb3 10. axb3 Qb6 11. g4 Rc8 12. Qd3 Nc5 13. Qf3 Qb4 14. O-O Ncxe4
15. Nxe4 Qxe4 16. Qxe4 Nxe4 17. Bf3 d5 18. c4 Bc5+ 19. Kg2 Bd4 20. Ra5 Nc5
21. Bxd5 Nxb3 22. Bxb7 Rxc4 23. Rxa6 O-O 24. Bg5 Nc5 25. Ra7 Ne4 0-1

[Event "O pohár města Říčany 2017"]
[Site "Kulturni centrum Labut, 17. Listopadu 214 25101 Ricany"]
[Date "2017.08.26"]
[Round "1.7"]
[White "Gregor, Jiri"]
[Black "Cermak, Jan"]
[Result "1-0"]
[WhiteElo "2210"]
[BlackElo "1904"]
[PlyCount "0"]
[EventDate "2017.08.26"]

1. d4 d5 2. Nf3 Nf6 3. c4 c6 4. Nc3 e6 5. Bg5 Be7 6. e3 Nbd7 7. Qc2 O-O 8. a3
dxc4 9. Bxc4 c5 10. O-O a6 11. dxc5 Bxc5 12. Rfd1 Qc7 13. Bd3 Bd6 14. Rac1 h6
15. Bh4 b5 16. Nxb5 Qxc2 17. Bxc2 Bxh2+ 18. Kxh2 axb5 19. Nd4 Ba6 20. Nc6 Nb6
21. Bxf6 gxf6 22. Be4 Nd5 23. Bxd5 exd5 24. Ne7+ Kg7 25. Nxd5 Bb7 26. Nc7 Ra4
27. f3 Rh4+ 28. Kg3 Rh5 29. Rd7 Re5 30. e4 Rb8 31. Kf4 Rh5 32. Ne6+ Kg6 33. Nd4
Rc8 34. Rcc7 Rxc7 35. Rxc7 Ba6 36. Rc6 Bb7 37. Rb6 Bc8 38. Rxb5 Rh2 39. g4 Rd2
40. Rb4 Ba6 41. a4 Bf1 42. a5 1-0

[Event "O pohár města Říčany 2017"]
[Site "Kulturni centrum Labut, 17. Listopadu 214 25101 Ricany"]
[Date "2017.08.26"]
[Round "1.8"]
[White "Kylar, Miroslav"]
[Black "Haba, Zdenek"]
[Result "0-1"]
[WhiteElo "1899"]
[BlackElo "2207"]
[PlyCount "0"]
[EventDate "2017.08.26"]

1. d4 Nf6 2. Nf3 g6 3. Bf4 Bg7 4. e3 d6 5. Bd3 O-O 6. O-O c5 7. c3 b6 8. h3 Bb7
9. Nbd2 Nc6 10. a4 Re8 11. Qe2 e5 12. Bg5 h6 13. Bxf6 Bxf6 14. d5 Ne7 15. c4 Bg7
16. a5 f5 17. Bc2 e4 18. Nh2 Bxb2 19. Rab1 Bg7 20. axb6 axb6 21. f3 exf3
22. Nhxf3 b5 23. Rxb5 Ba6 24. Rb3 Nxd5 25. Ra3 Nb4 26. Ba4 Rf8 27. Bb5 Bxb5
28. Rxa8 Qxa8 29. cxb5 Kh7 30. Qc4 Qd5 31. Qxd5 Nxd5 32. Nc4 Rb8 33. Nxd6 Nxe3
34. Re1 f4 35. g3 g5 36. gxf4 gxf4 37. Rc1 Rb6 38. Nc4 Rxb5 39. Nxe3 fxe3
40. Kf1 Rb2 41. Rxc5 Rf2+ 0-1

[Event "O pohár města Říčany 2017"]
[Site "Kulturni centrum Labut, 17. Listopadu 214 25101 Ricany"]
[Date "2017.08.26"]
[Round "1.9"]
[White "Anaskin, Arsenij"]
[Black "Straka, Jaroslav"]
[Result "1-0"]
[WhiteElo "2188"]
[BlackElo "1897"]
[PlyCount "0"]
[EventDate "2017.08.26"]

1. e4 e6 2. d4 d5 3. Nd2 a6 4. Bd3 c5 5. exd5 Qxd5 6. Ngf3 Nf6 7. O-O Nc6
8. dxc5 Bxc5 9. Bc4 Qd8 10. Qe2 h6 11. Ne4 Nxe4 12. Qxe4 Qf6 13. c3 Bd7 14. Bf4
Rd8 15. Rad1 Qe7 16. b4 Ba7 17. Bd6 Qf6 18. Ne5 Qf5 19. Qxf5 exf5 20. Bxf7# 1-0

[Event "O pohár města Říčany 2017"]
[Site "Kulturni centrum Labut, 17. Listopadu 214 25101 Ricany"]
[Date "2017.08.26"]
[Round "1.10"]
[White "Zvolensky, David"]
[Black "Jelinek, Michal"]
[Result "0-1"]
[WhiteElo "1894"]
[BlackElo "2173"]
[PlyCount "0"]
[EventDate "2017.08.26"]

1. e4 e5 2. Nf3 Nc6 3. Bc4 Nf6 4. d3 Be7 5. O-O O-O 6. c3 d6 7. Bb3 Na5 8. Bc2
c5 9. d4 exd4 10. cxd4 Nc6 11. e5 dxe5 12. dxe5 Qxd1 13. Rxd1 Ng4 14. Re1 f6
15. e6 Nge5 16. Nxe5 fxe5 17. Bb3 b5 18. Bd5 Bb7 19. Be3 Rad8 20. Nc3 b4
21. Bxc5 bxc3 22. Bxe7 Nxe7 23. Bxb7 cxb2 24. Rab1 Rd2 25. f3 Rb8 26. Red1 Rxd1+
27. Rxd1 Nc6 28. Bxc6 b1=Q 29. Rxb1 Rxb1+ 30. Kf2 Kf8 31. Bd5 Rd1 32. Bb3 Rd2+
33. Kg3 Rd4 34. Kf2 Ke7 35. Ke3 a5 36. a3 a4 37. Bc2 g6 38. g3 Kxe6 39. f4 Rc4
40. Kd3 Kd5 41. fxe5 Rd4+ 42. Ke3 Kxe5 43. h3 Kd5 44. g4 Kc4 45. Bxa4 Rd3+
46. Kf4 Rxh3 47. Be8 Rxa3 48. Kg5 Kd4 49. Bxg6 hxg6 50. Kxg6 Ke5 0-1

[Event "O pohár města Říčany 2017"]
[Site "Kulturni centrum Labut, 17. Listopadu 214 25101 Ricany"]
[Date "2017.08.26"]
[Round "1.11"]
[White "Zeman, Matyas"]
[Black "Pokorny, Jan"]
[Result "1-0"]
[WhiteElo "2168"]
[BlackElo "1889"]
[PlyCount "0"]
[EventDate "2017.08.26"]

1. e4 c5 2. Nf3 d6 3. d4 cxd4 4. Nxd4 Nf6 5. Nc3 Nc6 6. Bg5 Bd7 7. Qd2 a6
8. O-O-O b5 9. Qe1 b4 10. Nd5 Qa5 11. Nb3 Qd8 12. Nxb4 Nxb4 13. Qxb4 a5 14. Qd4
e5 15. Qd3 h6 16. Bxf6 gxf6 17. Qd5 Be7 18. Bc4 O-O 19. Qd2 f5 20. h4 a4 21. Nc5
Qc7 22. Nxd7 Qxc4 23. Nxf8 Qxa2 24. Qd5 1-0

[Event "O pohár města Říčany 2017"]
[Site "Kulturni centrum Labut, 17. Listopadu 214 25101 Ricany"]
[Date "2017.08.26"]
[Round "1.12"]
[White "Stanek, Ondrej"]
[Black "Skalicky, Tomas"]
[Result "1/2-1/2"]
[WhiteElo "1885"]
[BlackElo "2165"]
[PlyCount "0"]
[EventDate "2017.08.26"]

1. e4 b6 2. Nc3 Bb7 3. d4 e6 4. Bd3 Bb4 5. Ne2 Ne7 6. a3 Bxc3+ 7. Nxc3 O-O
8. O-O Nbc6 9. d5 Ne5 10. Be2 f5 11. f4 N5g6 12. dxe6 dxe6 13. Qxd8 Raxd8
14. Bc4 Kh8 15. Bxe6 Rd6 16. Bxf5 Nxf5 17. exf5 Rxf5 18. g4 Rf8 19. f5 Ne5
20. Bf4 Nf3+ 21. Rxf3 Bxf3 22. Bxd6 cxd6 23. h3 h5 24. Nb5 hxg4 25. hxg4 Bxg4
26. Nxd6 Rf6 27. Nc8 Rc6 28. Nxa7 Rxc2 29. Rf1 Rxb2 30. Rf4 Bd1 31. Rb4 Ra2
32. Rxb6 Rxa3 33. Nc6 Kg8 34. Nd4 Kf7 35. Kf2 Rd3 36. Rd6 Ke7 37. Re6+ Kd7
38. Re4 Kd6 39. Ne6 Rf3+ 40. Ke1 Rxf5 41. Nxg7 1/2-1/2

[Event "O pohár města Říčany 2017"]
[Site "Kulturni centrum Labut, 17. Listopadu 214 25101 Ricany"]
[Date "2017.08.26"]
[Round "1.13"]
[White "Mladek, Richard"]
[Black "Nehyba, Martin"]
[Result "1/2-1/2"]
[WhiteElo "2160"]
[BlackElo "1875"]
[PlyCount "0"]
[EventDate "2017.08.26"]

1. e4 c5 2. Nf3 Nc6 3. d4 cxd4 4. Nxd4 e5 5. Nb5 d6 6. N1c3 a6 7. Na3 Be7
8. Nc4 Nf6 9. Ne3 Be6 10. g3 O-O 11. Bg2 Nd4 12. O-O Rc8 13. Ncd5 Nxd5 14. exd5
Bd7 15. c3 Nf5 16. Nc2 Bg5 17. a4 Bxc1 18. Qxc1 Rc4 19. Nb4 a5 20. Nd3 Rxa4
21. Rxa4 Bxa4 22. Re1 Bb5 23. c4 Ba6 24. f4 f6 25. Qc3 Qb6+ 26. c5 dxc5 27. Qxc5
Qb3 28. Nf2 Qxb2 29. Qxa5 Nd4 30. Nd1 Qb3 31. Ne3 exf4 32. gxf4 Be2 33. Kf2 Qb2
34. Qa1 Qd2 35. Qc1 Qa2 36. Qa1 Qd2 37. Qc1 Qa2 38. Qa1 1/2-1/2

[Event "O pohár města Říčany 2017"]
[Site "Kulturni centrum Labut, 17. Listopadu 214 25101 Ricany"]
[Date "2017.08.26"]
[Round "1.14"]
[White "Laurincova, Kristyna"]
[Black "Hrdina, Robin"]
[Result "0-1"]
[WhiteElo "1854"]
[BlackElo "2151"]
[PlyCount "0"]
[EventDate "2017.08.26"]

1. e4 c5 2. Nf3 e6 3. d4 cxd4 4. Nxd4 a6 5. Nc3 Qc7 6. a3 Nf6 7. Be2 Be7 8. O-O
Nc6 9. Be3 O-O 10. f4 d6 11. Qe1 Rd8 12. Rd1 Nxd4 13. Rxd4 b5 14. Qg3 Bb7 15. e5
Ne8 16. Bd3 g6 17. f5 exf5 18. Bxf5 dxe5 19. Rg4 Ng7 20. Ne4 Nxf5 21. Rxf5 Rd1+
22. Rf1 Rxf1+ 23. Kxf1 Qc4+ 24. Ke1 Bxe4 25. Qxe5 f5 26. Bd4 Kf7 27. Rxe4 fxe4
28. b3 Qc6 0-1

[Event "O pohár města Říčany 2017"]
[Site "Kulturni centrum Labut, 17. Listopadu 214 25101 Ricany"]
[Date "2017.08.26"]
[Round "1.15"]
[White "Husek, Martin"]
[Black "Korsa, Jiri"]
[Result "1-0"]
[WhiteElo "2148"]
[BlackElo "1820"]
[PlyCount "0"]
[EventDate "2017.08.26"]

1. e4 e5 2. Nf3 Nc6 3. Bb5 f5 4. Nc3 fxe4 5. Nxe4 Nf6 6. Qe2 d5 7. Nxf6+ gxf6
8. d4 Bg7 9. dxe5 O-O 10. e6 Re8 11. Be3 Rxe6 12. O-O-O Ne5 13. Rhe1 c6 14. Bd3
Ng4 15. Nd4 Rxe3 16. fxe3 Bh6 17. Qf3 Qa5 18. Nf5 1-0

[Event "O pohár města Říčany 2017"]
[Site "Kulturni centrum Labut, 17. Listopadu 214 25101 Ricany"]
[Date "2017.08.26"]
[Round "1.16"]
[White "Havelka, Petr"]
[Black "Rut, Vojtech"]
[Result "0-1"]
[WhiteElo "1818"]
[BlackElo "2140"]
[PlyCount "0"]
[EventDate "2017.08.26"]

1. d4 f5 2. c4 Nf6 3. Nc3 g6 4. g3 Bg7 5. Bg2 O-O 6. Nf3 d6 7. O-O c6 8. b3 Qe8
9. Qc2 e5 10. dxe5 dxe5 11. Ba3 Rf7 12. Rad1 e4 13. Ng5 Rd7 14. e3 h6 15. Nh3 g5
16. Kh1 Ng4 17. Ng1 Rxd1 18. Nxd1 Nd7 19. Ne2 Nde5 20. h3 Qh5 21. Bb2 Nf3
22. Bxg7 Kxg7 23. Qb2+ Nf6 24. Qa3 f4 25. Qe7+ Kg6 26. h4 Nxh4 27. gxh4 f3
28. Ng3 fxg2+ 29. Kxg2 Qf3+ 30. Kh2 Bg4 31. h5+ Bxh5 32. Nc3 Re8 33. Qxb7 Re6
34. Qc8 Bg4 35. Qd8 h5 36. Nce2 h4 37. Nd4 hxg3+ 38. Kg1 gxf2+ 39. Rxf2 Qg3+
40. Rg2 Qxe3+ 41. Kh2 Qf4+ 42. Kg1 Rd6 0-1

[Event "O pohár města Říčany 2017"]
[Site "Kulturni centrum Labut, 17. Listopadu 214 25101 Ricany"]
[Date "2017.08.26"]
[Round "1.17"]
[White "Hadzala, Daniel"]
[Black "Horyna, Josef"]
[Result "1/2-1/2"]
[WhiteElo "2116"]
[BlackElo "1814"]
[PlyCount "0"]
[EventDate "2017.08.26"]

1. Nf3 Nf6 2. g3 g6 3. c3 c6 4. d3 Bg7 5. Bg2 O-O 6. O-O d6 7. Nbd2 Nbd7 8. Qc2
d5 9. e4 dxe4 10. dxe4 Qc7 11. Re1 e5 12. a4 a5 13. b4 b6 14. Nc4 Ba6 15. Bf1
Bxc4 16. Bxc4 b5 17. axb5 cxb5 18. Bxb5 axb4 19. Rxa8 Rxa8 20. c4 Nc5 21. Bb2 b3
22. Qb1 Nfxe4 23. Rxe4 Nxe4 24. Qxe4 Ra2 25. Qb1 Qc5 26. Nd2 Qb4 27. Nf1 e4
28. Bxg7 Kxg7 29. Qxe4 Qc3 30. c5 Qxc5 31. Be2 b2 32. Nd2 Qc1+ 33. Kg2 Qxd2
34. Qe5+ Kh6 35. g4 Qg5 36. Qh8 Qd5+ 37. Bf3 Qd6 38. h4 f6 39. Be4 Ra4 40. Qe8
Rxe4 41. Qxe4 Qe5 42. Qb4 Kg7 43. Qb7+ Kg8 44. Qc8+ Kf7 45. Qd7+ Kf8 46. Qd8+
Kf7 47. Qd7+ 1/2-1/2

[Event "O pohár města Říčany 2017"]
[Site "Kulturni centrum Labut, 17. Listopadu 214 25101 Ricany"]
[Date "2017.08.26"]
[Round "1.18"]
[White "Kronowetter, Borivoj"]
[Black "Krivanek, Vladimir"]
[Result "1/2-1/2"]
[WhiteElo "1787"]
[BlackElo "2107"]
[PlyCount "0"]
[EventDate "2017.08.26"]

1. e4 e6 2. d4 d5 3. Nc3 Be7 4. e5 c5 5. Qg4 g6 6. Nf3 Bd7 7. dxc5 Bxc5 8. Bd3
Nc6 9. O-O Nb4 10. Bg5 Qb6 11. Ne1 h6 12. Bh4 g5 13. Bg3 O-O-O 14. a4 a6 15. a5
Qc7 16. Na4 Be7 17. Qd4 h5 18. h3 Kb8 19. c3 Nxd3 20. Nxd3 Nh6 21. Qe3 g4 22. h4
Nf5 23. Qe2 Bb5 24. Rfd1 Rdg8 25. b3 Bxh4 26. Bxh4 Nxh4 27. Nab2 Qe7 28. c4 dxc4
29. bxc4 Bc6 30. Nf4 Qg5 31. Nbd3 Rd8 32. Nb4 Nf3+ 33. Kf1 Nxe5 34. Rxd8+ Rxd8
35. Rb1 Kc7 36. Qe3 Qf5 37. Qb6+ Kc8 38. Nxc6 Rd7 39. Nxe5 Qxe5 40. Ne2 h4
41. Qe3 Qxe3 42. fxe3 Rd3 43. Kf2 Ra3 44. Rd1 Rxa5 45. Rd4 Rg5 46. Nf4 Kc7
47. Rd1 Rc5 48. Rc1 a5 49. Nd3 Rf5+ 50. Ke2 Kd6 51. Rh1 Rh5 52. c5+ Kc6 53. Nf2
Rxc5 54. Nxg4 Rg5 55. Kf3 f5 56. Ne5+ Kd5 57. Nd3 e5 58. Kf2 e4 59. Nf4+ Kc4
60. Rc1+ Kb5 61. Rb1+ Ka6 1/2-1/2

[Event "O pohár města Říčany 2017"]
[Site "Kulturni centrum Labut, 17. Listopadu 214 25101 Ricany"]
[Date "2017.08.26"]
[Round "1.19"]
[White "Skalsky, Alexandr"]
[Black "Paulovic, Milan"]
[Result "1-0"]
[WhiteElo "2105"]
[BlackElo "1781"]
[PlyCount "0"]
[EventDate "2017.08.26"]

1. e4 d5 2. exd5 Qxd5 3. Nc3 Qd6 4. d4 Nf6 5. Nf3 c6 6. g3 Bf5 7. Bg2 h6 8. O-O
e6 9. Ne2 Be7 10. c4 O-O 11. a3 a5 12. b3 Qc7 13. Bb2 Nbd7 14. Nf4 Rfd8 15. Qe2
Re8 16. Rfd1 Rad8 17. Rac1 Qb8 18. Qe1 Qa7 19. Bc3 Ra8 20. Bb2 Qb6 21. Rc3 c5
22. d5 exd5 23. Rxd5 Nxd5 24. Nxd5 Qd6 25. Re3 Be6 26. Ne5 Bf8 27. Nxd7 Qxd7
28. Nb6 Qd8 29. Nxa8 Qxa8 30. a4 Rd8 31. Rxe6 fxe6 32. Qxe6+ Kh8 33. Qxh6+ Kg8
34. Qe6+ Kh8 35. Bd5 Rxd5 36. cxd5 Qd8 37. Be5 Qe7 38. Qxe7 Bxe7 39. Bc7 1-0

[Event "O pohár města Říčany 2017"]
[Site "Kulturni centrum Labut, 17. Listopadu 214 25101 Ricany"]
[Date "2017.08.26"]
[Round "1.20"]
[White "Vit, Zdenek"]
[Black "Slovak, Kilian"]
[Result "0-1"]
[WhiteElo "1775"]
[BlackElo "2101"]
[PlyCount "0"]
[EventDate "2017.08.26"]

1. e4 c5 2. Nf3 Nc6 3. d4 cxd4 4. Nxd4 Nf6 5. Nc3 e5 6. Ndb5 d6 7. Bg5 a6
8. Na3 b5 9. Nd5 Be7 10. Bxf6 Bxf6 11. c3 O-O 12. Nc2 Bg5 13. Bd3 Ne7 14. Nce3
Be6 15. Nxe7+ Qxe7 16. Qe2 Bxe3 17. Qxe3 Rab8 18. O-O a5 19. Rfd1 Rfc8 20. Qe2
Qb7 21. f3 b4 22. cxb4 Qxb4 23. b3 Rc3 24. Rac1 Qc5+ 0-1

[Event "O pohár města Říčany 2017"]
[Site "Kulturni centrum Labut, 17. Listopadu 214 25101 Ricany"]
[Date "2017.08.26"]
[Round "1.21"]
[White "Ludvik, Tomas"]
[Black "Hlavacek, Ondrej"]
[Result "1-0"]
[WhiteElo "2095"]
[BlackElo "1773"]
[PlyCount "0"]
[EventDate "2017.08.26"]

1. d4 Nf6 2. c4 e6 3. Nc3 Bb4 4. e3 O-O 5. Bd3 d5 6. Nf3 c5 7. O-O b6 8. a3
Bxc3 9. bxc3 cxd4 10. cxd4 dxc4 11. Bxc4 Bb7 12. Bb2 Nc6 13. Qe2 Qe7 14. e4 Rfd8
15. Bd3 Rd7 16. Rad1 Rad8 17. h4 Nh5 18. Qe3 Rc8 19. d5 exd5 20. exd5 Qxe3
21. fxe3 Na5 22. Bf5 Rcd8 23. Bxd7 Rxd7 24. Ne5 Rxd5 25. Rxd5 Bxd5 26. Rd1 Nf6
27. e4 Bc6 28. Nxc6 Nxc6 29. Rd6 1-0

[Event "O pohár města Říčany 2017"]
[Site "Kulturni centrum Labut, 17. Listopadu 214 25101 Ricany"]
[Date "2017.08.26"]
[Round "1.22"]
[White "Hampel, Rudolf"]
[Black "Kaplan, Daniel"]
[Result "0-1"]
[WhiteElo "1772"]
[BlackElo "2057"]
[PlyCount "0"]
[EventDate "2017.08.26"]

1. e4 e5 2. Nf3 Nc6 3. Bc4 Nf6 4. d3 Be7 5. O-O O-O 6. Be3 d5 7. exd5 Nxd5
8. Nc3 Nxc3 9. bxc3 Bg4 10. h3 Bh5 11. g4 Bg6 12. d4 e4 13. Nd2 Na5 14. Be2 f5
15. f4 exf3 16. Bxf3 fxg4 17. Bxg4 Qd6 18. Bf2 Rae8 19. Re1 Rxf2 0-1

[Event "O pohár města Říčany 2017"]
[Site "Kulturni centrum Labut, 17. Listopadu 214 25101 Ricany"]
[Date "2017.08.26"]
[Round "1.23"]
[White "Petr, Jakub"]
[Black "Konvalinka, Vladislav"]
[Result "1-0"]
[WhiteElo "2046"]
[BlackElo "1764"]
[PlyCount "0"]
[EventDate "2017.08.26"]

1. e4 e6 2. d4 d5 3. Nd2 Nf6 4. e5 Nfd7 5. Bd3 c5 6. c3 Nc6 7. Ne2 cxd4 8. cxd4
f6 9. exf6 Qxf6 10. O-O Bd6 11. Nf3 h6 12. Bc2 O-O 13. Qd3 Qf5 14. Qxf5 exf5
15. Bf4 Be7 16. Bb3 Nf6 17. Nc3 Rd8 18. Bc7 Rd7 19. Be5 Rd8 20. Bxf6 Bxf6
21. Nxd5 Kf8 22. Nxf6 gxf6 23. Rad1 f4 24. h3 Bf5 25. d5 Ne5 26. Nd4 Bd7
27. Rfe1 Ke7 28. Re4 1-0

[Event "O pohár města Říčany 2017"]
[Site "Kulturni centrum Labut, 17. Listopadu 214 25101 Ricany"]
[Date "2017.08.26"]
[Round "1.24"]
[White "Stork, Rostislav"]
[Black "Vystrcil, Martin"]
[Result "1-0"]
[WhiteElo "1764"]
[BlackElo "2038"]
[PlyCount "0"]
[EventDate "2017.08.26"]

1. e4 Nf6 2. e5 Nd5 3. d4 d6 4. c4 Nb6 5. f4 dxe5 6. fxe5 Nc6 7. Nf3 Bg4 8. Be3
e6 9. Be2 Be7 10. O-O O-O 11. Nc3 Bxf3 12. Rxf3 f5 13. exf6 Bxf6 14. d5 exd5
15. cxd5 Ne5 16. Rh3 g6 17. Qb3 Kh8 18. Rd1 Nf7 19. Bd3 Kg7 20. d6 cxd6 21. Ne4
Ng5 22. Nxg5 Bxg5 23. Qc3+ Bf6 24. Bh6+ Kh8 25. Qb3 Bd4+ 26. Kh1 Bg7 27. Bxg6
Qf6 28. Bxg7+ Kxg7 29. Bd3 h6 30. Rg3+ Kh8 31. Rg6 Qf7 32. Qc3+ 1-0

[Event "O pohár města Říčany 2017"]
[Site "Kulturni centrum Labut, 17. Listopadu 214 25101 Ricany"]
[Date "2017.08.26"]
[Round "1.25"]
[White "Steiner, Juraj"]
[Black "Otrubova, Kristyna"]
[Result "1-0"]
[WhiteElo "2022"]
[BlackElo "1758"]
[PlyCount "0"]
[EventDate "2017.08.26"]

1. d4 Nf6 2. c4 g6 3. Nc3 Bg7 4. Nf3 d6 5. Bg5 O-O 6. e3 c6 7. Be2 Qc7 8. O-O
e5 9. Rc1 Ne8 10. dxe5 dxe5 11. Bd8 Qd7 12. Qxd7 Nxd7 13. Be7 f5 14. Bxf8 Kxf8
15. Rfd1 Ke7 16. b4 e4 17. Nd4 Ne5 18. c5 Bd7 19. Na4 Nc7 20. Nc3 Be8 21. a3 Bf7
22. f4 exf3 23. gxf3 Nd5 24. Nxd5+ Bxd5 25. f4 Nd7 26. Kf2 Nf6 27. Bf3 Ne4+
28. Bxe4 Bxe4 29. a4 h6 30. Rd2 g5 31. h3 Kf6 32. Rg1 Rg8 33. Nf3 Bf8 34. Rd7 g4
35. Rxb7 Bxf3 36. hxg4 fxg4 37. Rxa7 Bd5 38. a5 h5 39. a6 Be7 40. e4 Bxe4
41. Re1 g3+ 42. Kg1 Bxc5+ 43. bxc5 Bd5 44. Rh7 Ra8 45. a7 Kg6 46. Rhe7 Kf5
47. Rb7 1-0

[Event "O pohár města Říčany 2017"]
[Site "Kulturni centrum Labut, 17. Listopadu 214 25101 Ricany"]
[Date "2017.08.26"]
[Round "1.26"]
[White "Nemecek, Pavel"]
[Black "Janacek, Jaroslav"]
[Result "0-1"]
[WhiteElo "1750"]
[BlackElo "2019"]
[PlyCount "0"]
[EventDate "2017.08.26"]

1. e4 d6 2. d4 Nf6 3. Nc3 g6 4. Be3 c6 5. Qd2 b5 6. f3 Nbd7 7. d5 cxd5 8. Bxb5
dxe4 9. Bc6 Rb8 10. Bxa7 Rxb2 11. Nxe4 Bg7 12. Bd4 Nxe4 13. Bxe4 Bxd4 14. Qxd4
Qa5+ 15. Kd1 Qe5 16. Ne2 O-O 17. Kc1 Rb8 18. Qxe5 Nxe5 19. Nd4 Bd7 20. f4 Nc4
21. a4 Na5 22. Re1 Rfc8 23. Kd2 Rb4 24. Nb5 Kf8 25. Nc3 e6 26. g3 d5 27. Bd3
Nc4+ 28. Kc1 Nb2 29. Kd2 Nxa4 0-1